[Event "AUT-chT2O 1011"]
[Site "Austria"]
[Date "2011.01.30"]
[Round "9.1"]
[White "Likavsky, Tomas"]
[Black "Hodysh, Yuriy"]
[Result "1/2-1/2"]
[WhiteElo "2459"]
[BlackElo "2393"]
[PlyCount "88"]
[EventDate "2010.10.02"]
[EventType "team-tourn"]
[EventRounds "11"]
[EventCountry "AUT"]
[SourceTitle "EXT 2012"]
[Source "ChessBase"]
[SourceDate "2011.11.24"]
[SourceVersion "1"]
[SourceVersionDate "2011.11.24"]
[SourceQuality "1"]
[WhiteTeam "Wulkaprodersdorf"]
[BlackTeam "Wieden"]
[WhiteTeamCountry "AUT"]
[BlackTeamCountry "AUT"]

1. Nf3 c5 2. c4 Nf6 3. d4 cxd4 4. Nxd4 e6 5. Nc3 Bb4 6. Ndb5 0-0 7. a3 Bxc3+ 8. Nxc3 d5 9. Bg5 dxc4 10. e3 Qxd1+ 11. Rxd1 b6 12. Bxc4 Ba6 13. Be2 Rc8 14. Bf3 Nc6 15. Bxf6 gxf6 16. Rd6 Bb7 17. Rd7 Ba6 18. Rd6 Bb7 19. Rd7 Ba6 20. Bxc6 Rxc6 21. f3 Bc4 22. Kf2 Bb3 23. Re1 a5 24. Re2 Kg7 25. Red2 Rac8 26. Rb7 R8c7 27. Rd7 Rxd7 28. Rxd7 f5 29. Rb7 Kf6 30. f4 h6 31. Rb8 Bc4 32. Rb7 Kg7 33. h3 Ba6 34. Rb8 Rd6 35. Kf3 Bc4 36. g4 Kg6 37. Ra8 Kh7 38. Rb8 Kg6 39. Rb7 Ba6 40. gxf5+ exf5 41. Rb8 Bf1 42. Na4 b5 43. Nc3 Rd2 44. b3 Rd3 1/2-1/2

[Event "AUT-chT2O 1011"]
[Site "Austria"]
[Date "2011.01.29"]
[Round "8.1"]
[White "Hodysh, Yuriy"]
[Black "Videki, Sandor"]
[Result "0-1"]
[WhiteElo "2393"]
[BlackElo "2441"]
[PlyCount "117"]
[EventDate "2010.10.02"]
[EventType "team-tourn"]
[EventRounds "11"]
[EventCountry "AUT"]
[SourceTitle "EXT 2012"]
[Source "ChessBase"]
[SourceDate "2011.11.24"]
[SourceVersion "1"]
[SourceVersionDate "2011.11.24"]
[SourceQuality "1"]
[WhiteTeam "Wieden"]
[BlackTeam "Eichgraben"]
[WhiteTeamCountry "AUT"]
[BlackTeamCountry "AUT"]

1. d4 Nf6 2. c4 g6 3. Nc3 Bg7 4. g3 d5 5. cxd5 Nxd5 6. Bg2 Nb6 7. Nf3 Nc6 8. e3 0-0 9. 0-0 Re8 10. Re1 a5 11. Qe2 Be6 12. Rd1 Bc4 13. Qc2 Nb4 14. Qd2 a4 15. Ne1 c6 16. Nc2 Nd3 17. Na3 Ba6 18. Bf1 Nxc1 19. Bxa6 Rxa6 20. Qxc1 Qc8 21. Ne4 Ra5 22. Nc5 e5 23. Qd2 Qa8 24. Rac1 exd4 25. exd4 Ra7 26. Re1 Rd8 27. Nc2 Nc4 28. Qb4 Nd6 29. Ne3 Nb5 30. d5 Nd4 31. Kf1 b6 32. Nd3 cxd5 33. Red1 Nf3 34. h3 d4 35. Ng2 Qb7 36. Rc2 Raa8 37. Rdc1 Qa6 38. Rd1 Ne5 39. Nge1 Qb7 40. Kg1 Nf3+ 41. Nxf3 Qxf3 42. Qd2 Re8 43. Ne1 Qf5 44. Kh2 Rac8 45. Rxc8 Rxc8 46. Nd3 h5 47. h4 a3 48. bxa3 Rc3 49. a4 Kh7 50. Qe2 Qd7 51. Rb1 Qc6 52. Rb3 Qxa4 53. Rxb6 Rc2 54. Qf3 Qxa2 55. Rb7 Rd2 56. Kg2 Qc4 57. Nf4 d3 58. Nd5 f5 59. Nf6+ 0-1

[Event "AUT-chT2O 1011"]
[Site "Austria"]
[Date "2010.11.01"]
[Round "5.1"]
[White "Maslik, Miroslav"]
[Black "Hodysh, Yuriy"]
[Result "1/2-1/2"]
[WhiteElo "2402"]
[BlackElo "2393"]
[PlyCount "72"]
[EventDate "2010.10.02"]
[EventType "team-tourn"]
[EventRounds "11"]
[EventCountry "AUT"]
[SourceTitle "EXT 2011"]
[Source "ChessBase"]
[SourceDate "2010.11.26"]
[SourceVersion "1"]
[SourceVersionDate "2010.11.26"]
[SourceQuality "1"]
[WhiteTeam "Pamhagen"]
[BlackTeam "Wieden"]
[WhiteTeamCountry "AUT"]
[BlackTeamCountry "AUT"]

1. d4 Nf6 2. c4 e6 3. g3 c5 4. d5 exd5 5. cxd5 b5 6. Nf3 d6 7. e4 Qa5+ 8. Nfd2 Ba6 9. Bg2 b4 10. Qb3 Qb5 11. Bf1 Qb7 12. Qa4+ Nfd7 13. Bxa6 Qxa6 14. Qxa6 Nxa6 15. Nc4 Nb6 16. Nbd2 f5 17. f3 Be7 18. a4 fxe4 19. fxe4 0-0-0 20. b3 Rhe8 21. Nxb6+ axb6 22. Ke2 Bg5 23. Nc4 Bf6 24. Rb1 Rxe4+ 25. Kf3 Rd4 26. Be3 Rd3 27. Rhd1 Rxd1 28. Rxd1 Kc7 29. Bf4 g5 30. Be3 Nb8 31. Kg4 Nd7 32. Rf1 Rg8 33. Rf5 Rg6 34. Kf3 Rg7 35. Kg4 Rg6 36. Kf3 Rg7 1/2-1/2

[Event "AUT-chT2O 0910"]
[Site "Austria"]
[Date "2010.04.17"]
[Round "10.1"]
[White "Loeffler, Stefan"]
[Black "Hodysh, Yuriy"]
[Result "0-1"]
[WhiteElo "2416"]
[BlackElo "2349"]
[PlyCount "150"]
[EventDate "2009.10.17"]
[EventType "team-tourn"]
[EventRounds "11"]
[EventCountry "AUT"]
[SourceTitle "EXT 2011"]
[Source "ChessBase"]
[SourceDate "2010.11.26"]
[SourceVersion "1"]
[SourceVersionDate "2010.11.26"]
[SourceQuality "1"]
[WhiteTeam "Baden Invest II"]
[BlackTeam "Wieden"]
[WhiteTeamCountry "AUT"]
[BlackTeamCountry "AUT"]

1. d4 Nf6 2. Bg5 e6 3. e4 h6 4. Bxf6 Qxf6 5. c3 d6 6. Bd3 Nd7 7. Ne2 Qd8 8. 0-0 b6 9. f4 Bb7 10. Ng3 h5 11. Qf3 h4 12. Nh1 h3 13. g3 g6 14. Na3 Bg7 15. d5 exd5 16. exd5 Nf6 17. c4 Kf8 18. Nb5 a6 19. Nc3 b5 20. Nf2 bxc4 21. Bxc4 Qd7 22. Rad1 Rh5 23. g4 Rh4 24. Qg3 Rh8 25. Bb3 c5 26. Ba4 Qc7 27. Nxh3 c4 28. Nf2 Nd7 29. Nfe4 Nc5 30. Nxc5 Qxc5+ 31. Qf2 Qxf2+ 32. Rxf2 Rh4 33. g5 Rh3 34. Kg2 Rd3 35. Rxd3 cxd3 36. Bc6 Bxc6 37. dxc6 Bxc3 38. bxc3 Rc8 39. Rd2 Rxc6 40. Rxd3 Ke7 41. Re3+ Kd7 42. Kg3 Rc4 43. Kg4 a5 44. h4 Ra4 45. Re2 Rc4 46. Rh2 Rxc3 47. f5 Rc4+ 48. Kf3 Ra4 49. f6 Ke6 50. Re2+ Kf5 51. Rd2 Ra3+ 52. Kg2 Kg4 53. Rd4+ Kh5 54. Rxd6 Kxh4 55. Rd7 Rxa2+ 56. Kf3 Kxg5 57. Rxf7 Ra4 58. Ke3 Kf5 59. Rf8 Ke6 60. Kf3 g5 61. Kg3 Rf4 62. f7 Rxf7 63. Re8+ Kd6 64. Kg4 Kc5 65. Kxg5 a4 66. Ra8 Kb4 67. Rb8+ Kc3 68. Rc8+ Kb2 69. Rb8+ Ka2 70. Kg4 Rf2 71. Rb7 a3 72. Rb6 Rb2 73. Ra6 Rb4+ 74. Kf3 Kb2 75. Rh6 a2 0-1

[Event "AUT-chT2O 0708"]
[Site "Austria"]
[Date "2008.02.16"]
[Round "8.3"]
[White "Hodysh, Yuriy"]
[Black "Druckenthaner, Andreas"]
[Result "1/2-1/2"]
[WhiteElo "2357"]
[BlackElo "2289"]
[PlyCount "112"]
[EventDate "2007.10.20"]
[EventType "team"]
[EventRounds "11"]
[EventCountry "AUT"]
[SourceTitle "EXT 2009"]
[Source "ChessBase"]
[SourceDate "2008.11.26"]
[SourceVersion "1"]
[SourceVersionDate "2008.11.26"]
[SourceQuality "1"]
[WhiteTeam "Wieden"]
[BlackTeam "Wien Austria"]
[WhiteTeamCountry "AUT"]
[BlackTeamCountry "AUT"]

1. d4 d5 2. c4 c6 3. Nf3 Nf6 4. Nc3 dxc4 5. a4 a5 6. e4 Bg4 7. Bxc4 e6 8. Be3 Bb4 9. Qc2 Bxf3 10. gxf3 Qc7 11. 0-0-0 Nbd7 12. Rhg1 Qxh2 13. f4 Bxc3 14. bxc3 h5 15. Rxg7 Kf8 16. Rg5 Ng4 17. Qe2 Qg2 18. f5 e5 19. dxe5 Ndxe5 20. Bc5+ Ke8 21. Bd4 Qh2 22. Bb3 Qf4+ 23. Qd2 Qxd2+ 24. Rxd2 Nf3 25. Bxh8 Nxg5 26. Bd4 Nf3 27. Rd3 Nxd4 28. cxd4 Rd8 29. f3 Ne5 30. Rd1 Nxf3 31. d5 c5 32. Rh1 Ke7 33. Rxh5 Kf6 34. Kb2 Ke5 35. d6 f6 36. Rh7 Rxd6 37. Bd5 Ng5 38. Re7+ Kd4 39. Bxb7 Rb6+ 40. Kc2 Nf3 41. Rd7+ Kc4 42. Bd5+ Kb4 43. Rc7 Ne5 44. Rc8 c4 45. Be6 Rb7 46. Rf8 Rg7 47. Rb8+ Kc5 48. Rb5+ Kd4 49. Rd5+ Kxe4 50. Rxa5 Rg2+ 51. Kc3 Rg3+ 52. Kc2 Ra3 53. Kb2 Rb3+ 54. Kc2 Ra3 55. Kb2 Rh3 56. Kc2 Ra3 1/2-1/2

[Event "AUT-chT2O 0405"]
[Site "Austria"]
[Date "2004.10.09"]
[Round "1.3"]
[White "Ruckschloss, Karol"]
[Black "Hodysh, Yuriy"]
[Result "1-0"]
[WhiteElo "2331"]
[BlackElo "2166"]
[PlyCount "145"]
[EventDate "2004.10.09"]
[EventType "team-tourn"]
[EventRounds "11"]
[EventCountry "AUT"]
[SourceTitle "EXT 2005"]
[Source "ChessBase"]
[SourceDate "2004.11.15"]
[SourceVersion "1"]
[SourceVersionDate "2004.11.15"]
[SourceQuality "1"]
[WhiteTeam "Pamhagen SV Raiba"]
[BlackTeam "Wieden Aljechin"]
[WhiteTeamCountry "AUT"]
[BlackTeamCountry "AUT"]

1. c4 Nf6 2. d4 e6 3. Nf3 b6 4. e3 Bb7 5. Bd3 Be7 6. Nc3 d5 7. 0-0 0-0 8. b3 Nbd7 9. Bb2 a6 10. Rc1 dxc4 11. bxc4 c5 12. Bb1 cxd4 13. exd4 Re8 14. Ng5 h6 15. Nge4 Nxe4 16. Nxe4 Nf6 17. f3 Rc8 18. Qd3 g6 19. a4 a5 20. Rfd1 Ba6 21. Qb3 Qc7 22. Ba2 Bb7 23. d5 Nxe4 24. fxe4 Bd6 25. Qc3 e5 26. Qd2 Bf8 27. Rf1 Qd7 28. Bb3 Qg4 29. Qd3 Rc7 30. Rf6 Be7 31. Rf3 Bc5+ 32. Kh1 Bc8 33. Rcf1 Kg7 34. Rf6 Qg5 35. Bc1 Qh5 36. Bd1 Qh4 37. g3 Qh3 38. Qf3 Qd7 39. Qe2 Rh8 40. Bb2 Bd6 41. Qf2 Rb7 42. g4 Qe7 43. Qg3 Qxf6 44. Rxf6 Kxf6 45. Qf4+ Kg7 46. Bxe5+ Bxe5 47. Qxe5+ f6 48. Qd6 Re8 49. Qc6 Rbe7 50. Bf3 Bd7 51. Qxb6 Bxa4 52. d6 Rd7 53. c5 Red8 54. Qxa5 Bc6 55. Qb6 Rc8 56. Kg2 g5 57. e5 Rb7 58. d7 Bxf3+ 59. Kxf3 Rxd7 60. Qxf6+ Kg8 61. Qg6+ Rg7 62. Qd6 Kh7 63. e6 Rcc7 64. Ke4 Ra7 65. Ke5 Ra1 66. Qd3+ Kg8 67. Qd8+ Kh7 68. e7 Re1+ 69. Kd6 Rd1+ 70. Kc7 Re1 71. Kd7 Re3 72. Qf8 Rd3+ 73. Kc8 1-0